| 000 | 00770nam a2200241 a 4500 | ||
|---|---|---|---|
| 001 | 000008384 | ||
| 003 | DO-SdBNP | ||
| 005 | 20171002134344.0 | ||
| 007 | 000008384 | ||
| 008 | 090916s2000 dr 000 j spa d | ||
| 040 |
_aBPMSU _bspa _cBPMSU |
||
| 082 | 4 |
_aRD863.5 _bJ86a |
|
| 100 | 1 |
_aJovine Rijo, Federico Alejandro, _d1975- |
|
| 245 | 1 | 0 |
_aA veces yo también / _cFederico Alejandro Jovine Rijo. |
| 260 |
_aSanto Domingo : _bSusaeta Ediciones Dominicanas, _c2000. |
||
| 300 |
_a119 p. ; _c18 cm. |
||
| 500 | _aIncluye datos biográficos del autor en la contracubierta | ||
| 650 | 4 | _aCUENTOS DOMINICANOS | |
| 650 | 4 | _aLITERATURA DOMINICANA | |
| 910 | _aValidado. Control de calidad BNPHU | ||
| 942 |
_2ddc _cBK |
||
| 956 |
_aVMATEO _b10 _c20150413 _lBPMSU _h00151 |
||
| 999 |
_c7612 _d7612 |
||